000 00787nam a2200229 a 4500
001 000014804
003 DO-SdBNP
005 20251215111649.0
008 100122s1984 dr 001 0 spa d
020 _a8489533008
040 _aDO-SdBNP
_bspa
_cBNPHU
082 4 _a346.06
_bP116i
_222
100 1 _aPacheco, Juan Rafael,
_d1936-
_933543
245 1 0 _aIntroducción del fideicomiso en la legislación civil dominicana /
_cJuan Rafael Pacheco ; Luis Julián Pérez.
260 _aSanto Domingo :
_bCENAPEC,
_c1984.
300 _a280 p. ;
_c22 cm.
500 _aIncluye datos biográficos del autor en la contracubierta
650 0 _aFideicomiso
_933544
650 0 _aFideicomiso
_zRepública Dominicana
_933544
700 1 _aPérez, Luis Julián
_epról.
_914856
942 _2ddc
_cLBS1
999 _c14385
_d14385